| 000 | 01948nam2a2200277 4500 | ||
|---|---|---|---|
| 001 | RU\NLR\BIBL_A\022641715 | ||
| 005 | 20251211093246.0 | ||
| 010 | _a978-5-7608-1040-3 | ||
| 021 |
_aRU _bКН-П-25-050490 _9КН-П-25-4886 |
||
| 035 | _a(NLR Aleph) 022641715 | ||
| 090 |
_a13497749 _c13497749 |
||
| 100 | _a20251010d2025 u y0rusy50 ca | ||
| 101 | 0 | _arus | |
| 102 | _aRU | ||
| 105 | _ay z 000ay | ||
| 200 | 1 | _aРоман, повести | |
| 210 | _d2025 | ||
| 215 | _a566 с. | ||
| 327 | 1 | _aСодерж.: Приземляющийся на четыре лапы : роман ; повести: Шаги по земле предков ; Добро пожаловать в рай!.. ; Солнце смеется... ; Вкус меда | |
| 327 | 1 | _aВ кн. также вступ. ст.: Станица Кужора – и мир в придачу : [об Анатолии Савельевиче Пренко] / Кирилл Анкудинов | |
| 461 | 0 |
_1001RU\NLR\BIBL_A\022641709 _12001#$aИзбранные произведения$eв двух томах$fАнатолий Пренко$g[редактор: М. Ю. Агирова]$vТ. 1 _1700#1$aПренко$bА. С.$gАнатолий Савельевич _913497748 _aПренко, А. С. _cМайкоп _d2025– _fАнатолий Пренко _nАдыгейское республиканское книжное изд-во _oв двух томах _tИзбранные произведения _vТ. 1 |
|
| 464 | 0 |
_12001#$aСтаница Кужора – и мир в придачу$e[об Анатолии Савельевиче Пренко]$fКирилл Анкудинов _1700#1$aАнкудинов$bК. Н.$f1970-$gКирилл Николаевич _tСтаница Кужора – и мир в придачу _aАнкудинов, Кирилл Николаевич (1970-) |
|
| 942 | _cBOOK | ||
| 980 | _aNB | ||